LEADER 02025nam 2200601 a 450 001 9910954032203321 005 20250416110858.0 010 $a9781607804789 010 $a1607804786 035 $a(CKB)2560000000010264 035 $a(EBL)535581 035 $a(OCoLC)645093463 035 $a(SSID)ssj0000671897 035 $a(PQKBManifestationID)11385265 035 $a(PQKBTitleCode)TC0000671897 035 $a(PQKBWorkID)10625927 035 $a(PQKB)11498704 035 $a(OCoLC)712990062 035 $a(MiAaPQ)EBC535581 035 $a(Au-PeEL)EBL535581 035 $a(CaPaEBR)ebr10389350 035 $a(FR-PaCSA)45005165 035 $a(FRCYB45005165)45005165 035 $a(EXLCZ)992560000000010264 100 $a20150403h20101993 uy 0 101 0 $aeng 135 $aur|n|---||||| 181 $ctxt 182 $cc 183 $acr 200 10$aArmenia $ecommunications /$fWorld Trade Press 205 $a2nd ed. 210 $aPetaluma, Calif. $cWorld Trade Press$dc1993-2010 [2010] 215 $a1 online resource (25 p.) 300 $aCover title. 330 $aGet all three comprehensive reports bundled into one for a complete media and communications profile of Armenia. An excellent source of practical information, this profile offers an extensive dialing guide with city codes, a listing of ISPs and Internet cafes, profiles of the major media outlets (with contact info!) and more. 606 $aCommunication$zArmenia (Republic) 606 $aCommunication and traffic$zArmenia (Republic) 606 $aTelecommunication$zArmenia (Republic) 606 $aMobile communication systems$zArmenia (Republic) 615 0$aCommunication 615 0$aCommunication and traffic 615 0$aTelecommunication 615 0$aMobile communication systems 676 $a384.3 676 $a658.45025 801 0$bMiAaPQ 801 1$bMiAaPQ 801 2$bMiAaPQ 906 $aBOOK 912 $a9910954032203321 996 $aArmenia$9676251 997 $aUNINA LEADER 00824nam0 22003013i 450 001 996697382403316 005 20260109104842.0 010 $a978-88-7570-097-3 100 $a20250716d2004----||||0itac50 ba 101 $aita 102 $aIT 105 $a|||| |||a| 200 1 $aGigi cerca il suo berretto$fBruno Munari 205 $a3. ristampa 210 1 $aMantova$cCorraini$d2004 215 $a1 volume (senza paginazione)$cill.$d32 cm 225 2 $aLibri del '45$v7 300 $aTitolo della copertina 410 0$aLibri del '45$v7 676 $a741.642 700 1$aMUNARI,$bBruno$f<1907-1998>$024663 801 0$aIT$bcba$bcba$gREICAT 912 $a996697382403316 951 $aAA$b293429$cAA$d549817 959 $aBK 969 $aLIDA 996 $aGigi cerca il suo berretto$94519768 997 $aUNISA